000 00600nam a2200253Ia 4500
005 20260121161027.0
008 008 260114s9999 xx 000 0 eng d
020 _a9781315579245
037 _aEBOOK
040 _aCRL
040 _beng
040 _cCRL
041 _2eng
041 _aeng
084 _qCRL
100 _a Joyce Davidson; Liz Bondi
_91039302
245 0 _aEmotional Geographies
260 _bTaylor and Francis
260 _c2006
856 _uhttp://www.taylorfrancis.com/books/9781315579245
942 _cEBOOK
999 _c1606118
_d1606118